[Event "Pan American-ch School U15 Girls 12th"]
[Site "Callao"]
[Date "2023.10.21"]
[Round "9"]
[White "Soliz Flores, Luz Neyda"]
[Black "Tacas Cardenas, Pamela Natividad"]
[Result "1/2-1/2"]
[WhiteElo "1482"]
[BlackElo "1366"]
[PlyCount "59"]
[EventDate "2023.10.16"]
[EventType "swiss"]
[EventRounds "9"]
[EventCountry "PER"]
[SourceTitle "Mega2024 Update 01"]
[Source "Chessbase"]
[SourceDate "2023.11.12"]
[SourceVersion "1"]
[SourceVersionDate "2023.11.12"]
[SourceQuality "1"]

1. d4 Nf6 2. Nf3 d5 3. e3 Bg4 4. h3 Bxf3 5. Qxf3 Nbd7 6. c4 c6 7. Nc3 e6 8. Bd3 Bd6 9. 0-0 0-0 10. Rd1 Re8 11. e4 dxe4 12. Nxe4 Nxe4 13. Bxe4 Qf6 14. Qg4 Qd8 15. Bc2 g6 16. Bf4 Nf6 17. Qf3 Bxf4 18. Qxf4 Nh5 19. Qf3 Qf6 20. Be4 Rad8 21. d5 cxd5 22. cxd5 Qxf3 23. Bxf3 exd5 24. Bxd5 b6 25. g3 Nf6 26. Bf3 h6 27. Kg2 Kg7 28. Rac1 Rxd1 29. Rxd1 Rc8 30. Rd2 1/2-1/2

[Event "Pan American-ch School U15 Girls 12th"]
[Site "Callao"]
[Date "2023.10.16"]
[Round "1"]
[White "Arias Ochoa, Adriana Maddyel"]
[Black "Tacas Cardenas, Pamela Natividad"]
[Result "0-1"]
[WhiteElo "1026"]
[BlackElo "1366"]
[PlyCount "90"]
[EventDate "2023.10.16"]
[EventType "swiss"]
[EventRounds "9"]
[EventCountry "PER"]
[SourceTitle "Mega2024 Update 01"]
[Source "Chessbase"]
[SourceDate "2023.11.12"]
[SourceVersion "1"]
[SourceVersionDate "2023.11.12"]
[SourceQuality "1"]

1. d4 Nf6 2. Nf3 e6 3. Bf4 c5 4. e3 d5 5. c3 Bd6 6. Bg3 0-0 7. Bd3 b6 8. Nbd2 Bb7 9. 0-0 Bxg3 10. fxg3 Nbd7 11. Qe2 Re8 12. e4 e5 13. dxc5 Nxc5 14. Bb5 Re6 15. exd5 Nxd5 16. Bc4 Qe7 17. Rad1 Rd8 18. Nb3 f6 19. Nxc5 Qxc5+ 20. Kh1 Red6 21. Bxd5+ Bxd5 22. a3 Bc4 23. Rxd6 Rxd6 24. b4 Qd5 25. Qf2 Bxf1 26. Qxf1 Qd1 27. Qxd1 Rxd1+ 28. Ng1 e4 29. h3 e3 30. Kh2 Rd2 31. Nf3 e2 32. Kg1 Rc2 33. Kf2 Rxc3 34. Kxe2 Rxa3 35. Nd4 Rxg3 36. Kf2 Rc3 37. Nb5 Rc2+ 38. Kg3 a5 39. bxa5 bxa5 40. Kh4 Rxg2 41. Nd6 Rb2 42. Kh5 Rb4 43. Nf5 g6+ 44. Kh6 gxf5 45. h4 Rxh4# 0-1

[Event "South America-ch U14 Girls 17th"]
[Site "Guayaquil"]
[Date "2022.01.29"]
[Round "7"]
[White "Gareca Ordonez, Laura"]
[Black "Tacas Cardenas, Pamela Natividad"]
[Result "1/2-1/2"]
[WhiteElo "1197"]
[BlackElo "1344"]
[PlyCount "55"]
[EventDate "2022.01.25"]
[EventType "swiss"]
[EventRounds "9"]
[EventCountry "ECU"]
[SourceTitle "CBM 206 Extra"]
[Source "ChessBase"]
[SourceDate "2022.03.31"]
[SourceVersion "1"]
[SourceVersionDate "2022.03.31"]
[SourceQuality "1"]

1. d4 d5 2. Bf4 c6 3. e3 e6 4. Nd2 f5 5. Bd3 Nf6 6. c4 Be7 7. Ngf3 0-0 8. 0-0 Ne4 9. Ne5 Nd7 10. Ndf3 Ndf6 11. h3 Bd7 12. Nxd7 Nxd7 13. Qb3 Qb6 14. Bxe4 fxe4 15. Ne5 Nf6 16. Qxb6 axb6 17. Bg5 Rfe8 18. Bxf6 Bxf6 19. Nd7 Bd8 20. c5 b5 21. a3 Bc7 22. f3 Rad8 23. Ne5 Bxe5 24. dxe5 exf3 25. Rxf3 Rf8 26. Rxf8+ Rxf8 27. Rf1 Rxf1+ 28. Kxf1 1/2-1/2